Der Tod Jesu Oratorium : Klavierauszug /

Hlavní autor: Graun, Carl Heinrich, 1704-1759
Jazyk: Němčina
Vydáno: Leipzig : Peters, [ca 1905]
Edice: Edition Peters
Fyzický popis: 84 s.
Hudebniny Hudebniny
Uloženo v:
LEADER 00660ncm a22001932a 4500
001 000671810
003 CZ BrMZK
005 20110113111655.0
008 030527q19001909gw f ger d
040 |a BOA001  |b cze  |c BOA001 
100 1 |a Graun, Carl Heinrich,  |d 1704-1759  |7 jn20000602325  |4 cmp 
245 1 4 |a Der Tod Jesu  |h [hudebnina] :  |b Oratorium : Klavierauszug /  |c Karl Heinrich Graun 
260 |a Leipzig :  |b Peters,  |c [ca 1905] 
300 |a 84 s. 
490 1 |a Edition Peters ;  |v No. 1074 
830 0 |a Edition Peters 
910 |a BOA001  |b Mus3-0407.580 
990 |a MU 
996 6 |b 2619309840  |c Mus3-0407.580  |l MZK  |r Sklad / do 1 hodiny  |n 2  |w 000671810  |u 000010  |a 1  |e BOA001  |j MZK50  |s P